| 000 | 01284cam a22003377a 4500 | ||
|---|---|---|---|
| 003 | CHAP | ||
| 005 | 20220329133032.0 | ||
| 008 | 971013s1990 r 00010 d | ||
| 010 | _a1461 | ||
| 011 | _a2433 | ||
| 035 | _a1627 | ||
| 040 | _cCHAP | ||
| 090 | _aTesis | ||
| 100 | 0 | 0 |
_aOsada Velázquez, Horacio Koji. _984158 |
| 245 | 0 | _aComparación de 6 esquemas de muestreo para determinar severidad de año por roya (Uromyces fabae (Pers) DeBary) y mancha chocolate (Botrytis fafae Sard) en haba (Vicia faba L.) y sus curvas de progreso en Chapingo, México | |
| 260 |
_aChapingo, Méx. : _bEl autor, _c1990 |
||
| 300 |
_a70 h. _b: gráfs. |
||
| 502 | _aTesis (Ing. Agr. Esp. en Parasitología Agrícola) -- UACH. Departamento de Parasitología Agrícola | ||
| 590 |
_aALEPH _b10 _c20130110 _lUCH01 _h1208 |
||
| 590 |
_aBATCH-UPD _b10 _c20130110 _lUCH01 _h0029 |
||
| 590 |
_aBATCH-UPD _b10 _c20130110 _lUCH01 _h2132 |
||
| 590 |
_aBATCH-UPD _b10 _c20130409 _lUCH01 _h2011 |
||
| 590 |
_aBATCH-UPD _b10 _c20130914 _lUCH01 _h0751 |
||
| 590 |
_aCONVERSION _b10 _c20130109 _lUCH01 _h1302 |
||
| 650 | 1 | 4 |
_aBotrytis fabae. _914706 |
| 650 | 1 | 4 |
_aHaba _xEnfermedades. _952101 |
| 650 | 1 | 4 |
_aRoya del haba. _9100387 |
| 901 | _aBK | ||
| 942 | _cTESIS | ||
| 949 |
_bBC _cTES _d-11115 _eTS1 _h23498 _i1627 _si |
||
| 999 |
_c1461 _d1461 |
||